| 000 | 00354nam a22001577a 4500 | ||
|---|---|---|---|
| 003 | SGT | ||
| 020 | _a978-93-7473-748-4 | ||
| 082 |
_a344.04 _bGUP |
||
| 100 | _aGUPTA, DR. SEEMA | ||
| 245 | _aPHARMACY LAW AND ETHICS | ||
| 250 | _a2ND | ||
| 260 |
_aINDIA _bAITBS PUB. _c2026 |
||
| 300 | _a321 | ||
| 650 | _aPHARMACY LAW AND ETHICS | ||
| 942 |
_2ddc _cBK |
||
| 999 |
_c32911 _d32911 |
||